| 000 | 00954aab a2200205 i 4500 | ||
|---|---|---|---|
| 001 | 768714001 | ||
| 003 | CO-MdFUSB | ||
| 005 | 20240422102016.0 | ||
| 008 | 240417t1983 ag ||||| |||| 00| 0 spa d | ||
| 040 |
_bspa _cCO-MdFUSB |
||
| 041 | _aspa | ||
| 100 | 1 |
_aBreneman, Mervin (1930-) _eautor |
|
| 245 | 4 |
_aLos Salmos y la misionología _c/ Mervin Breneman |
|
| 300 |
_aVolumen 2, número 4, (diciembre, 1983), páginas: 26 - 27 _c; 27 cm |
||
| 520 | _aEl libro de los Salmos es la parte del Antiguo Testamento más utilizada en las iglesias. Lo que la gente cree se expresa en su canción. De ahí la importancia de los Salmos en la teología bíblica. Todas las grandes enseñanzas teológicas del Antiguo Testamento están registradas en los Salmos. | ||
| 650 | 0 |
_aBiblia _916 |
|
| 650 | 7 |
_aTeología bíblica _9320 |
|
| 773 | 0 |
_tIglesia y Misión _049402 _959626 _gVolumen 2, número 4, (diciembre, 1983), páginas: 26 - 27 _qpágina: 26 |
|
| 942 | _cANA | ||
| 999 |
_c51426 _d51426 |
||